Paroles - Je vole - Michel Sardou - Statistiques

Statistiques générales
  • Ce quiz a été pris 349 fois
  • Le résultat moyen est 170 sur 313
Statistiques - réponses
Réponse % Correct
je
100%
Je
100%
à
98%
a
98%
me
98%
vole
98%
vole.
98%
de
97%
ma
97%
m'a
97%
Mes
97%
mes
97%
parents,
97%
parents
97%
pars.
97%
vous
97%
aime,
96%
aime
96%
ce
96%
chers
96%
d'enfant,
96%
d'enfant
96%
mais
96%
plus
96%
soir.
96%
soir
96%
n'aurez
95%
pas.
92%
pas
92%
sa
90%
Sans
88%
sans
88%
ne
87%
alcool,
86%
alcool.
86%
fumée,
84%
fumée
84%
bien,
80%
bien
80%
comprenez
73%
n'm'enfuis
72%
En
69%
en
69%
la
69%
se
66%
elle
61%
mère
61%
et
53%
hier
53%
si
50%
Il
49%
il
49%
un
47%
père
46%
que
46%
comme
45%
peu
45%
fait
44%
qui
43%
mon
41%
une
40%
dit
39%
souri
39%
tout
39%
ça
37%
retourner
37%
y
37%
J'ai
34%
j'ai
34%
sur
34%
les
33%
l'Atlantique
32%
C'est
31%
c'est
31%
doutait
31%
gare
31%
cette
30%
des
30%
j'etais
29%
j'étais
29%
s'éloigne
29%
demandé
28%
Pour
28%
27%
dans
25%
poitrine
25%
train
25%
est
24%
n'avez
24%
suis
24%
m'empêche
23%
bizarre
22%
bloque
22%
cage
21%
respirer
20%
s'eloigner
20%
chose
19%
quelque
19%
très
19%
après
17%
croire
17%
ni
17%
pourquoi
17%
pleurer
16%
table
16%
pense
15%
qu'elle
15%
comment
14%
semblant
14%
cru
13%
heures
13%
malade
13%
petite
13%
cinq
12%
jamais
12%
pâle
12%
drôle
11%
l'heure
11%
porte
11%
qu'ils
11%
surtout
11%
valise
11%
yeux
11%
clair
10%
minuit
10%
moins
10%
Oh
10%
Oh,
10%
tête
10%
bouclé
9%
côté
9%
doucement
9%
endormi
9%
l'appartement
9%
marche
9%
m'demande
9%
pieds
9%
pointe
9%
regarder
9%
rentrais
9%
reveillent
9%
soirs
9%
traverse
9%
coup
8%
Jeudi.
8%
passant
8%
promis
8%
espèce
7%
ressenti
7%
souffle
7%
voir
7%
voiture
7%
aventure
6%
déchirant
6%
d'entrée
6%
derrière
6%
douteront
6%
dur
6%
grisant
6%
J'ouvre
6%
pensais
6%
retenant
6%
sept
6%
seulement
6%
presque
5%
s'rait
4%
Aucun quiz correspondant
Distribution des résultats
% des personnes avec chaque résultat
Percentile par nombre de réponses
Votre historique - résultats
Vous n’avez pas pris ce quiz